<?xml version="1.0" encoding="UTF-8"?>
<collection xmlns:xsi="http://www.w3.org/2001/XMLSchema-instance" xsi:schemaLocation="http://www.loc.gov/MARC21/slim http://www.loc.gov/standards/marcxml/schema/MARC21slim.xsd" xmlns="http://www.loc.gov/MARC21/slim">
 <record>
  <leader>00000cmm a22000003a 4500</leader>
  <controlfield tag="001">UP-8027390931316316770</controlfield>
  <controlfield tag="003">Buklod</controlfield>
  <controlfield tag="005">20200927111213.0</controlfield>
  <controlfield tag="006">a     r    |||| u|</controlfield>
  <controlfield tag="007">ta</controlfield>
  <controlfield tag="008">200927s        xx     d        u        </controlfield>
  <datafield tag="035" ind1=" " ind2=" ">
   <subfield code="a">(iLib)UPMIN-00025293226</subfield>
  </datafield>
  <datafield tag="040" ind1=" " ind2=" ">
   <subfield code="a">UPMin</subfield>
  </datafield>
  <datafield tag="041" ind1=" " ind2=" ">
   <subfield code="a">eng</subfield>
  </datafield>
  <datafield tag="090" ind1=" " ind2="0">
   <subfield code="a">OER-030</subfield>
  </datafield>
  <datafield tag="245" ind1="0" ind2="0">
   <subfield code="a">LibreTexts</subfield>
   <subfield code="b">free the textbook [electronic resource]</subfield>
   <subfield code="c">The California State University Affordable Learning Solutions, United States of America Department of Education, University of California Davis, MERLOT, NSF, University of California Davis Library.</subfield>
  </datafield>
  <datafield tag="256" ind1=" " ind2=" ">
   <subfield code="a">mixed.</subfield>
  </datafield>
  <datafield tag="264" ind1=" " ind2="1">
   <subfield code="a">Davis, CA</subfield>
   <subfield code="b">LibreTexts</subfield>
   <subfield code="c">c2020.</subfield>
  </datafield>
  <datafield tag="300" ind1=" " ind2=" ">
   <subfield code="a">1 online resource.</subfield>
  </datafield>
  <datafield tag="516" ind1=" " ind2=" ">
   <subfield code="a">mixed.</subfield>
  </datafield>
  <datafield tag="520" ind1=" " ind2=" ">
   <subfield code="a">Quoted from the homepage: All Libretexts libraries are accessible to everyone via the internet, completely free. We believe everyone should have access to knowledge. The libraries are part of a huge network that provides not just single textbooks, but an infinitely large library through which new texts can be developed &amp; shared. Always up to date, the Libretexts platform ensures consistency, the newest info available, and allows instructors to fine tune a project for their needs. Libretexts grows via the efforts of a fantastic community of active collaborators. You can join! LibreTexts features many interactive visualizations for learning with greater understanding. Not only is LibreTexts always accessible online, LibreTexts is promoting assistive technologies across the entire platform.</subfield>
  </datafield>
  <datafield tag="538" ind1=" " ind2=" ">
   <subfield code="a">online.</subfield>
  </datafield>
  <datafield tag="650" ind1="1" ind2="7">
   <subfield code="a">Electronic information resources.</subfield>
  </datafield>
  <datafield tag="650" ind1="1" ind2="7">
   <subfield code="a">Internet research.</subfield>
  </datafield>
  <datafield tag="650" ind1="1" ind2="7">
   <subfield code="a">Internet in higher education.</subfield>
  </datafield>
  <datafield tag="650" ind1="1" ind2="7">
   <subfield code="a">Open learning.</subfield>
  </datafield>
  <datafield tag="650" ind1="1" ind2="7">
   <subfield code="a">Education, Higher.</subfield>
  </datafield>
  <datafield tag="650" ind1="1" ind2="7">
   <subfield code="a">Electronic books.</subfield>
  </datafield>
  <datafield tag="650" ind1="1" ind2="7">
   <subfield code="a">College teaching</subfield>
   <subfield code="v">Aids and devices</subfield>
   <subfield code="x">Open educational resources.    .</subfield>
  </datafield>
  <datafield tag="650" ind1="1" ind2="7">
   <subfield code="a">Education, Higher</subfield>
   <subfield code="v">Aids and devices</subfield>
   <subfield code="x">Open educational resources.    .</subfield>
  </datafield>
  <datafield tag="658" ind1=" " ind2=" ">
   <subfield code="a">Open Educational Resources (OER).</subfield>
   <subfield code="b">General Education (GE).</subfield>
  </datafield>
  <datafield tag="710" ind1="2" ind2=" ">
   <subfield code="a">The California State University.</subfield>
   <subfield code="b">Affordable Learning Solutions.</subfield>
  </datafield>
  <datafield tag="710" ind1="2" ind2=" ">
   <subfield code="a">United States of America.</subfield>
   <subfield code="b">Department of Education.</subfield>
  </datafield>
  <datafield tag="710" ind1="2" ind2=" ">
   <subfield code="a">University of California, Davis.</subfield>
  </datafield>
  <datafield tag="710" ind1="2" ind2=" ">
   <subfield code="a">MERLOT (Multimedia Educational Resource for Learning and Online Teaching).</subfield>
  </datafield>
  <datafield tag="710" ind1="2" ind2=" ">
   <subfield code="a">NSF (National Science Foundation).</subfield>
  </datafield>
  <datafield tag="710" ind1="2" ind2=" ">
   <subfield code="a">UC (University of California) Davis Library.</subfield>
  </datafield>
  <datafield tag="710" ind1="2" ind2=" ">
   <subfield code="a">MERCED-I (Mindanao Educational Resources for Curricular Enhancement and Development-Initiatives) on OER (Open Educational Resources).</subfield>
  </datafield>
  <datafield tag="856" ind1=" " ind2=" ">
   <subfield code="u">https://libretexts.org/index.html</subfield>
  </datafield>
  <datafield tag="905" ind1=" " ind2=" ">
   <subfield code="a">FO</subfield>
  </datafield>
  <datafield tag="852" ind1="0" ind2=" ">
   <subfield code="a">UPMIN</subfield>
   <subfield code="b">UPMIN-MAIN</subfield>
   <subfield code="h">OER-030</subfield>
  </datafield>
  <datafield tag="942" ind1=" " ind2=" ">
   <subfield code="a">Electronic Resource</subfield>
  </datafield>
 </record>
</collection>
